000 00235nam a2200097Ia 4500
001 969318
005 20250826220400.0
008 250824s9999 xx 000 0 und d
245 0 _aNUREDDİN ZENGİ
_cALİ EMRE
260 _bKETEBE YAYINLARI
999 _c969318
_d969318